00429nam a2200169Ia 4500008004100000041001200041082001900053100002500072245003500097365000600132520001300138546001200151630003500163650001300198655001300211730003500224101110s9999 xx 000 0 und d aMARATHI bSR2335a380.03 aBhopatkar G. Krushna aVyapar Paribhashik Shabda Kosh b6 aCommerce aMARATHI aVyapar Paribhashik Shabda Kosh aCommerce aCommerce aVyapar Paribhashik Shabda Kosh